| 000 | 00377nam a22001697a 4500 | ||
|---|---|---|---|
| 003 | SGT | ||
| 020 | _a9788180040580 | ||
| 082 |
_a618.92 _bH21K |
||
| 100 | _aKUMAR. A.SANTHOSH | ||
| 245 | _aHAND BOOK OF PEDIATRICS | ||
| 250 | _a6TH | ||
| 260 |
_aNEW DELHI _bAIPD PUB. _c2021 |
||
| 300 | _a636 | ||
| 650 | _aPEDIATRICS | ||
| 653 | _aHAND BOOK , PEDIATRICS | ||
| 942 |
_2ddc _cBK |
||
| 999 |
_c34761 _d34761 |
||